<?xml version="1.0" encoding="UTF-8"?>
<record
    xmlns:xsi="http://www.w3.org/2001/XMLSchema-instance"
    xsi:schemaLocation="http://www.loc.gov/MARC21/slim http://www.loc.gov/standards/marcxml/schema/MARC21slim.xsd"
    xmlns="http://www.loc.gov/MARC21/slim">

  <leader>01620nam a2200205Ia 4500</leader>
  <controlfield tag="001">b6224-44108 </controlfield>
  <controlfield tag="003">IT-MiCISF</controlfield>
  <controlfield tag="008">161014s9999||||xx |||||||||||||| ||und||</controlfield>
  <datafield tag="040" ind1=" " ind2=" ">
    <subfield code="a">IT-MiCISF</subfield>
    <subfield code="c">IT-MiCISF</subfield>
  </datafield>
  <datafield tag="041" ind1=" " ind2=" ">
    <subfield code="a">it</subfield>
  </datafield>
  <datafield tag="100" ind1=" " ind2=" ">
    <subfield code="a">Pisciottano Manara Luciana (a cura di)</subfield>
  </datafield>
  <datafield tag="245" ind1=" " ind2="0">
    <subfield code="a">La paura di essere padre</subfield>
  </datafield>
  <datafield tag="250" ind1=" " ind2=" ">
    <subfield code="a">1a ed.</subfield>
  </datafield>
  <datafield tag="260" ind1=" " ind2=" ">
    <subfield code="a"> Roma</subfield>
    <subfield code="b">Edizioni Magi</subfield>
    <subfield code="c">2007</subfield>
  </datafield>
  <datafield tag="300" ind1=" " ind2=" ">
    <subfield code="a">pp. 171</subfield>
  </datafield>
  <datafield tag="500" ind1=" " ind2=" ">
    <subfield code="a"> / paternit&#xE0;, padre, figura-paterna, rapporti-padre-figli, scuola, servizi-infanzia, coppia, separazione / La paternit&#xE0; rappresenta da sempre un ambito particolarmente problematico. Ce lo raccontano i miti, ce lo svela la Bibbia, continua a testimoniarlo la quotidianit&#xE0;. Ogni neo-padre vive da una parte la conflittualit&#xE0;, l'ambivalenza, il senso di colpa e dall'altra  le regole, le leggi che lo costringono a prendere coscienza dei sentimenti arcaici e inquietanti divenuti improvvisamente propri. E di fronte a tutto questo il padre si sente spesso impreparato, smarrito di fronte alle nuove responsabilit&#xE0;, ai repentini cambiamenti della famiglia, delle relazioni personali e sociali. Partendo da queste problematiche, l'A., neuropsichiatria infantile e psicoterapeuta, ha raccolto in questo libro i contributi di psicologi, psicoanalisti, pedagoghi, educatori, legislatori e giornalisti con l'obiettivo primario di ripensare la figura paterna. Una figura pi&#xF9; consapevole del proprio ruolo, che coopera e affianca la figura materna, producendo valenze diverse e sinergiche.</subfield>
  </datafield>
  <datafield tag="650" ind1=" " ind2=" ">
    <subfield code="a"> Genitorialit&#xE0; e problemi educativi / persona</subfield>
    <subfield code="e">004</subfield>
  </datafield>
  <datafield tag="942" ind1=" " ind2=" ">
    <subfield code="c">BK</subfield>
  </datafield>
  <datafield tag="957" ind1=" " ind2=" ">
    <subfield code="7">1</subfield>
  </datafield>
  <datafield tag="999" ind1=" " ind2=" ">
    <subfield code="a">44108</subfield>
    <subfield code="b">si</subfield>
    <subfield code="g">1</subfield>
    <subfield code="c">210841</subfield>
    <subfield code="d">210841</subfield>
  </datafield>
  <datafield tag="952" ind1=" " ind2=" ">
    <subfield code="0">0</subfield>
    <subfield code="1">0</subfield>
    <subfield code="4">0</subfield>
    <subfield code="6">B_622444108</subfield>
    <subfield code="7">1</subfield>
    <subfield code="a">CISF</subfield>
    <subfield code="b">CISF</subfield>
    <subfield code="d">2016-10-14</subfield>
    <subfield code="l">0</subfield>
    <subfield code="o">b6224-44108 </subfield>
    <subfield code="r">2016-10-14 00:00:00</subfield>
    <subfield code="w">2016-10-14</subfield>
    <subfield code="y">BK</subfield>
    <subfield code="z">Data import 15.10.2016 / by Epidotti, Vaglietti</subfield>
  </datafield>
</record>
